000
00268nam a22001217a 4500
008
181015b xxu||||| |||| 00| 0 eng d
041
_a
eng
080
_a
321
100
_a
21
101
_a
POL
245
_a
The Rapture Of Politics
_c
Kivisto.P
942
_2
udc
_c
BK
999
_c
49690
_d
49690